Diagnóstico histológico
Uloženo v:
| Hlavní autor: | |
|---|---|
| Médium: | Kniha |
| Jazyk: | španělština |
| Vydáno: |
Buenos Aires
El Ateneo
1975
|
| Vydání: | 7a. ed |
| Témata: | |
| Tagy: |
Přidat tag
Žádné tagy, Buďte první, kdo vytvoří štítek k tomuto záznamu!
|
MARC
| LEADER | 00000nam a2200000 a 4500 | ||
|---|---|---|---|
| 001 | UCZ0297 | ||
| 003 | CL-VaPUC | ||
| 008 | 950728e19750000AG |||||||||||||||||spa|d | ||
| 082 | 0 | 4 | |a 611.018 |b DIF |2 21 |
| 100 | 0 | |a Di Fiore, Mariano S. H |e author |9 343031 | |
| 245 | 1 | 0 | |a Diagnóstico histológico |
| 250 | |a 7a. ed | ||
| 300 | |a 2 v | ||
| 942 | |c BK | ||
| 945 | |d 19950728 00:00:00 |a awong | ||
| 260 | |a Buenos Aires |b El Ateneo |c 1975 | ||
| 650 | 0 | |a Histología |9 264868 | |
| 650 | 0 | |a Células |9 269548 | |
| 650 | 7 | |a TEJIDOS BIOLOGIA |2 CL-VaPUC |9 343032 | |
| 583 | |a last modification |c 19950728 00:00:00 |k Rodrigo Vera | ||
| 999 | |c 237251 |d 237249 | ||
| 952 | |0 0 |1 0 |4 0 |6 611_018000000000000_DIF_1975 |7 0 |8 A |9 246147 |a BIBCUR |b BIBCUR |d 2019-11-18 |h v.2 |i 2009145 |o 611.018 DIF 1975 |p 2009145 |r 2025-04-22 |w 2019-11-18 |y BK |k BCB | ||